000 00504nam a2200181Ia 4500
999 _c11540
_d11540
003 OSt
005 20210322112743.0
008 190216s9999||||xx |||||||||||||| ||und||
020 _a9789350133309
040 _coclc
082 _a330
_bGAR/U
100 _aGarg, Gopal
_98429
245 0 _aUGC NET / JRF / SET Economics Paper 2 /
_cGopal Garg
260 _bUpakar Prakashan,
_c2018.
_aAgra:
300 _a241p
650 _aEconomics
942 _cBK
_2ddc
_h330
_iGAR/U
_k330
_mGAR/U